Molekuly bez chemických vazeb : Úvod do chemické topologie /
Gespeichert in:
| 1. Verfasser: | |
|---|---|
| Format: | Buch |
| Sprache: | Tschechisch |
| Veröffentlicht: |
Praha :
SNTL,
1988
|
| Tags: |
Keine Tags, Fügen Sie das erste Tag hinzu!
|
MARC
| LEADER | 00000nam a22000003a 4500 | ||
|---|---|---|---|
| 001 | stu3871 | ||
| 005 | 20150617225810.3 | ||
| 008 | 930527s1988----cs------------------cze-d | ||
| 040 | |a STU |b slo | ||
| 041 | 0 | |a cze | |
| 044 | |a cs | ||
| 080 | |a 541.21 | ||
| 100 | 1 | |a Dmitrijev, S |4 aut | |
| 245 | 1 | |a Molekuly bez chemických vazeb : |b Úvod do chemické topologie / |c [aut.] Dmitrijev,S | |
| 260 | |a Praha : |b SNTL, |c 1988 | ||
| 300 | |a 161 s | ||
| 996 | |b E66927 |c E*66927 |l EE05 |s P |a 0 |w stu3871_0001 | ||
| 996 | |b E66928 |c E*66928 |l EE05 |s P |a 0 |w stu3871_0002 | ||